Statistiques concernant Films avec Isaach de Bankolé par image

Cliquez ici pour prendre le quiz!

Statistiques générales

  • Ce quiz a été pris 9 fois
  • Le résultat moyen est 3 sur 16

Statistiques - réponses

Réponse% Correct
Ghost Dog : La Voie du samouraï
50%
Black Panther
38%
Les Keufs
38%
Night on Earth
38%
Black mic-mac
25%
Casino Royale
25%
Chocolat
25%
S'en fout la mort
25%
Vanille fraise
25%
White Material
13%
Calvary
0%
Casa de lava
0%
Le Scaphandre et le Papillon
0%
Manderlay
0%
Mother of George
0%
The Limits of Control
0%

Distribution des résultats

Percentile par nombre de réponses

% des personnes avec chaque résultat

Votre développement - résultats

Vous n’avez pas pris ce quiz